[Event "GER-ch Net Amateur Gr-C Vor3"]
[Site "Playchess.com INT"]
[Date "2020.04.16"]
[Round "5"]
[White "Bone, Franziska"]
[Black "Grave, Lukas"]
[Result "0-1"]
[WhiteElo "1411"]
[BlackElo "1333"]
[PlyCount "96"]
[EventDate "2020.04.16"]
[EventType "swiss (blitz)"]
[EventRounds "9"]
[EventCountry "GER"]
[SourceTitle "CBM 195 Extra"]
[Source "ChessBase"]
[SourceDate "2020.05.31"]
[SourceVersion "1"]
[SourceVersionDate "2020.05.31"]
[SourceQuality "1"]

1. e4 e5 2. Nf3 Nc6 3. Bc4 Bc5 4. c3 Nf6 5. d4 Nxe4 6. dxc5 Nxc5 7. 0-0 0-0 8. Bg5 Qe8 9. Re1 Kh8 10. Be3 f6 11. Bxc5 d6 12. Bb4 Be6 13. Bb5 Qg6 14. g3 f5 15. Bd3 e4 16. Bb5 exf3 17. Qxf3 Ne5 18. Qd1 c6 19. Be2 Bd5 20. Bxd6 Qh6 21. Bxe5 Qh3 22. Bf3 Bxf3 23. Qxf3 Rfe8 24. Nd2 Rad8 25. Rad1 Rd5 26. Bxg7+ Kxg7 27. Re7+ Rxe7 28. Qg2 Qg4 29. Qf1 Red7 30. c4 Rxd2 31. Rxd2 Rxd2 32. Qc1 Rd4 33. Qc3 Kg6 34. h3 Qe4 35. f3 Qe5 36. f4 Rd1+ 37. Kf2 Qxc3 38. bxc3 Rd2+ 39. Ke3 Rxa2 40. Kd4 Rg2 41. g4 fxg4 42. hxg4 Rxg4 43. Kc5 Rxf4 44. Kb4 b5 45. Kb3 bxc4+ 46. Kb4 Rf3 47. Kxc4 Rxc3+ 48. Kxc3 h5 0-1

[Event "GER-ch Net Amateur Gr-C Vor3"]
[Site "Playchess.com INT"]
[Date "2020.04.16"]
[Round "9"]
[White "Niese, Juergen"]
[Black "Bone, Franziska"]
[Result "1-0"]
[WhiteElo "1073"]
[BlackElo "1354"]
[PlyCount "45"]
[EventDate "2020.04.16"]
[EventType "swiss (blitz)"]
[EventRounds "9"]
[EventCountry "GER"]
[SourceTitle "CBM 195 Extra"]
[Source "ChessBase"]
[SourceDate "2020.05.31"]
[SourceVersion "1"]
[SourceVersionDate "2020.05.31"]
[SourceQuality "1"]

1. d4 d5 2. Nf3 e6 3. c4 c6 4. Nc3 Bd6 5. e4 Ne7 6. e5 Bc7 7. c5 b6 8. b4 bxc5 9. bxc5 Bb7 10. Bd3 Nd7 11. 0-0 0-0 12. Ng5 Ng6 13. f4 Re8 14. Qh5 h6 15. Nf3 Nxf4 16. Bxf4 Rf8 17. Bxh6 gxh6 18. Qxh6 Re8 19. Bh7+ Kh8 20. Ng5 f6 21. Bg6+ Kg8 22. Qh7+ Kf8 23. Qf7# 1-0

[Event "GER-ch Net Amateur Gr-C Vor1"]
[Site "Playchess.com INT"]
[Date "2020.04.14"]
[Round "3"]
[White "Bone, Franziska"]
[Black "Mishra, Sanyukt"]
[Result "1-0"]
[WhiteElo "1620"]
[BlackElo "1261"]
[PlyCount "63"]
[EventDate "2020.04.14"]
[EventType "swiss (blitz)"]
[EventRounds "9"]
[EventCountry "GER"]
[SourceTitle "CBM 196 Extra"]
[Source "ChessBase"]
[SourceDate "2020.07.31"]
[SourceVersion "1"]
[SourceVersionDate "2020.07.31"]
[SourceQuality "1"]

1. e4 c5 2. d4 cxd4 3. c3 dxc3 4. Nxc3 Nc6 5. Bc4 e6 6. Nf3 Nf6 7. 0-0 Be7 8. Bg5 a6 9. a4 Qc7 10. b4 Nxb4 11. Qe2 Nc6 12. Rae1 h6 13. Bd2 0-0 14. e5 Nh7 15. Bd3 Bb4 16. Bxh7+ Kxh7 17. Qe4+ Kg8 18. Nd5 Qd8 19. Nxb4 Nxb4 20. Bxb4 Re8 21. Qh4 Qb6 22. Bd2 Qb3 23. Qg3 Kh8 24. a5 Qd5 25. Rd1 Qc6 26. Rfe1 b5 27. axb6 Qxb6 28. Re4 Bb7 29. Rh4 Kg8 30. Bxh6 Kf8 31. Qxg7+ Ke7 32. Bg5# 1-0

[Event "GER-chT U14 Girls"]
[Site "Neumuenster"]
[Date "2019.12.29"]
[Round "5.6"]
[White "Hubert, Charlotte"]
[Black "Bone, Franziska"]
[Result "1/2-1/2"]
[WhiteElo "1415"]
[BlackElo "1115"]
[PlyCount "45"]
[EventDate "2019.12.27"]
[EventType "team-swiss"]
[EventRounds "7"]
[EventCountry "GER"]
[SourceTitle "CBM 194 Extra"]
[Source "ChessBase"]
[SourceDate "2020.03.31"]
[SourceVersion "1"]
[SourceVersionDate "2020.03.31"]
[SourceQuality "1"]
[WhiteTeam "Hamburger SK"]
[BlackTeam "Raesfeld"]
[WhiteTeamCountry "GER"]
[BlackTeamCountry "GER"]

1. e4 e5 2. Nf3 Nc6 3. Nc3 Nf6 4. d4 exd4 5. Nxd4 Bb4 6. Nxc6 bxc6 7. Bd3 d5 8. exd5 cxd5 9. 0-0 0-0 10. Bg5 c6 11. Na4 h6 12. Bh4 Re8 13. c4 Bd6 14. Rc1 Be5 15. Bg3 Bxg3 16. hxg3 Bd7 17. Re1 d4 18. b3 Qa5 19. Ra1 c5 20. Nb2 Qa3 21. Rxe8+ Rxe8 22. Qc2 Qa5 23. Qc1 1/2-1/2

[Event "GER-chT U14 Girls"]
[Site "Neumuenster"]
[Date "2019.12.27"]
[Round "2.7"]
[White "Stepanjan, Marianne"]
[Black "Bone, Franziska"]
[Result "0-1"]
[WhiteElo "1414"]
[BlackElo "1115"]
[PlyCount "70"]
[EventDate "2019.12.27"]
[EventType "team-swiss"]
[EventRounds "7"]
[EventCountry "GER"]
[SourceTitle "CBM 194 Extra"]
[Source "ChessBase"]
[SourceDate "2020.03.31"]
[SourceVersion "1"]
[SourceVersionDate "2020.03.31"]
[SourceQuality "1"]
[WhiteTeam "Harksheide"]
[BlackTeam "Raesfeld"]
[WhiteTeamCountry "GER"]
[BlackTeamCountry "GER"]

1. e4 e5 2. Nf3 Nc6 3. Bb5 a6 4. Ba4 b5 5. Bb3 Nf6 6. 0-0 Bc5 7. Re1 d6 8. c3 0-0 9. d4 Bb6 10. Bg5 a5 11. Bd5 Bb7 12. dxe5 dxe5 13. Nxe5 Nxe5 14. Bxb7 Ra7 15. Bd5 Qd6 16. h3 Rd8 17. Bxf6 Qxf6 18. Qd2 a4 19. a3 c6 20. Ba2 Nd3 21. Rf1 Nxf2 22. Kh2 Qe5+ 23. g3 Nxe4 24. Rf4 Re7 25. Qc2 Qc5 26. Qc1 Nf2 27. Nd2 Nd3 28. Ne4 Qe5 29. Nf6+ Qxf6 30. Bxf7+ Qxf7 31. Rxf7 Re2+ 32. Rf2 Rxf2+ 33. Kh1 Nxc1 34. Rxc1 Rdd2 35. Rb1 Rh2# 0-1

[Event "GER-ch U25-C"]
[Site "Willingen"]
[Date "2018.05.26"]
[Round "9"]
[White "Bone, Franziska"]
[Black "Zobel, Christian Erik"]
[Result "1-0"]
[WhiteElo "920"]
[BlackElo "1240"]
[PlyCount "48"]
[EventDate "2018.05.19"]
[EventType "swiss"]
[EventRounds "9"]
[EventCountry "GER"]
[SourceTitle "CBM 184 Extra"]
[Source "ChessBase"]
[SourceDate "2018.06.28"]
[SourceVersion "1"]
[SourceVersionDate "2018.06.28"]
[SourceQuality "1"]

1. e4 e5 2. Nf3 Nc6 3. Bc4 Bc5 4. c3 Nf6 5. d4 exd4 6. cxd4 Bb6 7. Nc3 d6 8. h3 h6 9. 0-0 Bd7 10. Bf4 Qe7 11. Re1 0-0-0 12. e5 dxe5 13. dxe5 Nh7 14. Nd5 Qc5 15. Nxb6+ Qxb6 16. Bxf7 Bxh3 17. Qc2 Bg4 18. Qc3 Bxf3 19. Qxf3 Qxb2 20. e6 Kb8 21. Rab1 Qc2 22. Rec1 Qg6 23. Qxc6 b6 24. Qxc7+ Ka8 1-0